UM Logo

The handbook of credit risk management : (Record no. 17790)

MARC details
000 -LEADER
fixed length control field 00744nam a2200193 4500
008 - FIXED-LENGTH DATA ELEMENTS--GENERAL INFORMATION
fixed length control field 221221b ||||| |||| 00| 0 eng d
020 ## - INTERNATIONAL STANDARD BOOK NUMBER
International Standard Book Number 9781119835639
082 ## - DEWEY DECIMAL CLASSIFICATION NUMBER
Edition number 2022
Classification number DC 658.8/8
Item number B669
100 ## - MAIN ENTRY--PERSONAL NAME
Personal name Bouteille, Sylvain.
9 (RLIN) 47253
245 ## - TITLE STATEMENT
Title The handbook of credit risk management :
Remainder of title originating, assessing, and managing credit exposures /
Statement of responsibility, etc. Sylvain Bouteille and Diane Coogan-Pushner.
250 ## - EDITION STATEMENT
Edition statement Second edition.
260 ## - PUBLICATION, DISTRIBUTION, ETC. (IMPRINT)
Place of publication, distribution, etc. Hoboken, New Jersey :
Name of publisher, distributor, etc. John Wiley & Sons, Inc.,
Date of publication, distribution, etc. ©2022.
300 ## - PHYSICAL DESCRIPTION
Extent xxiii, 392 pages :
Other physical details illustrations ;
Dimensions 22 cm.
500 ## - GENERAL NOTE
General note Includes index.<br/>
650 ## - SUBJECT ADDED ENTRY--TOPICAL TERM
Topical term or geographic name as entry element Credit
General subdivision Management.
9 (RLIN) 47254
650 ## - SUBJECT ADDED ENTRY--TOPICAL TERM
Topical term or geographic name as entry element Risk management.
9 (RLIN) 47255
700 ## - ADDED ENTRY--PERSONAL NAME
Personal name Coogan-Pushner, Diane.
Relator term author.
9 (RLIN) 47256
942 ## - ADDED ENTRY ELEMENTS (KOHA)
Source of classification or shelving scheme Dewey Decimal Classification
Koha item type Circulation
Holdings
Withdrawn status Lost status Source of classification or shelving scheme Damaged status Not for loan Collection code Home library Current library Date acquired Source of acquisition Cost, normal purchase price Total Checkouts Full call number Barcode Date last seen Copy number Price effective from Koha item type
    Dewey Decimal Classification     Circulation UM Digos College - LIC UM Digos College - LIC 08/16/2022 Purchased 7093.00   DC 658.8/8 B669 2022 26809 05/15/2025 1 12/21/2022 Circulation